| 000 | 02337cam a2200265 a 4500 | ||
|---|---|---|---|
| 001 | 12301363 | ||
| 003 | NUST | ||
| 005 | 20230127130045.0 | ||
| 008 | 010206s2001 njua b 001 0 eng | ||
| 010 | _a 2001030167 | ||
| 020 | _a978-81-8274-311-3 | ||
| 040 |
_aDLC _cDLC _dDLC |
||
| 050 | 0 | 0 |
_aD25 _b.W44 2001 |
| 082 | 0 | 0 |
_a904.7,WEI _221 |
| 100 | 1 |
_aWeir, William, _d1928- _9107905 |
|
| 245 | 1 | 0 |
_a50 battles that changed the world : _bthe conflicts that most influenced the course of history / _cWilliam Weir. |
| 246 | 3 | _aFifty battles that changed the world | |
| 260 |
_aIndia _bPentagon Press _c2008 |
||
| 300 |
_a319 p. : _bill. ; _c26 cm. |
||
| 505 | _aIntroduction (Page-7), Marathon, 490 BC (Page-10), Nika Rebellion, 532 AD (Page-16),Bunker Hill, 1775 AD (Page-21), Arbela, 331 BC (Page-26), Hattin, 1187 AD (Page-31), Diu, 1509 AD (Page-36), Britain, 1940 AD (Page-42), Constantinople, Part-1, 1205 AD (Page-46), Tsushima, 1905 AD (Page-51), Saratoga, 1777 AD (Page-55), Valmy, 1782 AD (Page-60), Adrianople, 378 AD (Page-63),Midway, 1942 AD (PAge-67), Hasting, 10666 AD (PAge-72), Tenochtitlan, 1520-21 AD (Page-77), Stalingrad, 1942-43 AD (Page-88), Busta Gallorum, 552 AD (Page-94), Lechfeld, 955 AD (Page-100), Dublin, 1916 AD (PAge-104), Emmaus, 166 BC (Page-113), Yarmuk, 636 AD (Page-117), battle of the Artantic, 1939-45 AD (Page-121), Cannae, 216 BC (page-127), Malplaquet, 1709 AD (Page-135), Carrhae, 53 BC (Page-140), Constantinople, Part-2, 1453 AD (Page-145), The Armada, 1588 AD (Page-150), The Marne, 1914 AD (Page-156), Rhodes, 1522 AD (Page-161), Tours, 732 AD (PAge-170), Tanga, 1914 AD (Page-174), Chalons, 451 AD (Page-180), Las Navas de Toloso, 1212 AD (Page-185), Gupta, 1180 AD (Page-191) ,Chickamauge, 1863 AD (Page-196), Lepanto, 1571 AD (Page-205 ), New Orleans, 1814 AD (Page-210), Petrograd, 1917 AD (Page-218) ,France, 1918 AD (Page-222), The Alamo, 1836 Ad (Page-229), We- Sung, 1862 AD (Page-234), Waterloo, 1815 AD (Page-240),kadisiyah,637 AD (Page-245), Kazan,1552 AD (Page-249), Lutzen,1632 (Page-255), ManilaBay, 1898 AD (Page-264), Tet Pffensive, 1968 AD (Page-270), Rome, 390 Bc (Page-275), Sedan, 1870 Ad (Page-279), Poltave, 1709 AD (Page-286). | ||
| 650 | 0 |
_aBattles. _948667 |
|
| 650 | 0 | _aMilitary history. | |
| 650 | 0 |
_aNaval history. _949548 |
|
| 942 |
_2ddc _cBK _k904.7,WEI |
||
| 999 |
_c593033 _d593033 |
||